00497 2200193 4500001002100000005001500021008004100036020001800077035001900095041000700114082001600121090001600137100002300153245003400176250000600210260003800216300003200254650001700286INLIS00000000002268020241224131333241224||||||||| | ||| |||| || |  a979-006-045-9 0010-1224022680 aid0 a636.5 PET p a636.5 PET p0 aREDAKSI AGRO MEDIA00aBeternak Ayam Kampung Petelur a1 aJakartabAgro Media Pustakac2007 aiv, 88 hlm.; Ilus.: 20,5 cm 0aIlmu Terapan